Southville International School and Colleges
Your cart is empty.
  • Cart
  • Lists
    Public lists Eva Luna New books Lux_list list_1
    Your lists Log in to create your own lists
  • Log in to your account
  • Your cookies
  • Search history
Southville International School and Colleges
  • Advanced search
  • Recent comments
  • Most popular
  • Libraries

Log in to your account

Log in with GOOGLE


If you do not have an external account, but do have a local account, you can still log in:

  1. Home
  2. MARC view: The jewels of cyttorak
Normal view MARC view ISBD view

The jewels of cyttorak (Record no. 10812)

[ view plain ]
MARC details
000 -LEADER
fixed length control field 01081cam a22003373a 4500
001 - CONTROL NUMBER
control field 16415012
003 - CONTROL NUMBER IDENTIFIER
control field PILC
005 - DATE AND TIME OF LATEST TRANSACTION
control field 20160114100303.0
008 - FIXED-LENGTH DATA ELEMENTS--GENERAL INFORMATION
fixed length control field 971204s1997 nyua 000 1 eng d
010 ## - LIBRARY OF CONGRESS CONTROL NUMBER
LC control number 98813677
020 ## - INTERNATIONAL STANDARD BOOK NUMBER
International Standard Book Number 1572973293
Terms of availability $6.50
035 ## - SYSTEM CONTROL NUMBER
System control number (OCoLC)ocm38037931
040 ## - CATALOGING SOURCE
Original cataloging agency EOW
Transcribing agency EOW
Modifying agency SLC
-- DLC
050 00 - LIBRARY OF CONGRESS CALL NUMBER
Classification number PZ 7
Item number .Sm642 1997
082 ## - DEWEY DECIMAL CLASSIFICATION NUMBER
Classification number FIC
Item number Sm5x 1997
100 1# - MAIN ENTRY--PERSONAL NAME
Personal name Smith, Dean Wesley.
9 (RLIN) 17797
245 14 - TITLE STATEMENT
Title The jewels of cyttorak
Statement of responsibility, etc Dean Wesley Smith ; illustrations by Chuck Wojtkiewicz.
260 ## - PUBLICATION, DISTRIBUTION, ETC. (IMPRINT)
Place of publication, distribution, etc New York :
Name of publisher, distributor, etc Boulevard Books,
Date of publication, distribution, etc c1997.
300 ## - PHYSICAL DESCRIPTION
Extent 296 p. :
Other physical details ill. ;
Dimensions 18 cm.
440 #0 - SERIES STATEMENT/ADDED ENTRY--TITLE
Title Marvel comics
9 (RLIN) 17798
440 #0 - SERIES STATEMENT/ADDED ENTRY--TITLE
Title X-Men
9 (RLIN) 17799
650 ## - SUBJECT ADDED ENTRY--TOPICAL TERM
Topical term or geographic name as entry element Fiction.
9 (RLIN) 746
655 #7 - INDEX TERM--GENRE/FORM
Genre/form data or focus term Suspense fiction.
Source of term gsafd
9 (RLIN) 6032
655 #7 - INDEX TERM--GENRE/FORM
Genre/form data or focus term Comic books, strips, etc.
Source of term lcsh
9 (RLIN) 17800
655 #7 - INDEX TERM--GENRE/FORM
Genre/form data or focus term Adventure fiction.
Source of term gsafd
9 (RLIN) 3061
700 1# - ADDED ENTRY--PERSONAL NAME
Personal name Wojtkiewicz, Chuck.
9 (RLIN) 17801
710 2# - ADDED ENTRY--CORPORATE NAME
Corporate name or jurisdiction name as entry element Copyright Paperback Collection (Library of Congress)
Institution to which field applies DLC
9 (RLIN) 705
906 ## - LOCAL DATA ELEMENT F, LDF (RLIN)
a 7
b cbc
c copycat
d 2
e ncip
f 19
g y-genrareb
942 ## - ADDED ENTRY ELEMENTS (KOHA)
Source of classification or shelving scheme Library of Congress Classification
Koha item type Books
Holdings
Withdrawn status Lost status Source of classification or shelving scheme Damaged status Home library Current library Shelving location Date acquired Total Checkouts Full call number Barcode Date last seen Copy number Price effective from Koha item type
    Library of Congress Classification   Luxembourg Library Luxembourg Library Fiction Section 09/10/2013   PZ 7 .Sm642 1997 10121 06/25/2015 1 09/10/2013 Books

The jewels of cyttorak

APA

Smith D. W., Wojtkiewicz C. & Copyright Paperback Collection (Library of Congress). (1997). The jewels of cyttorak. New York: Boulevard Books.

Chicago

Smith Dean Wesley, Wojtkiewicz Chuck and Copyright Paperback Collection (Library of Congress). 1997. The jewels of cyttorak. New York: Boulevard Books.

Harvard

Smith D. W., Wojtkiewicz C. and Copyright Paperback Collection (Library of Congress). (1997). The jewels of cyttorak. New York: Boulevard Books.

MLA

Smith Dean Wesley, Wojtkiewicz Chuck and Copyright Paperback Collection (Library of Congress). The jewels of cyttorak. New York: Boulevard Books. 1997.

  • Place hold
  • Print
  • Cite
  • Add to your cart (remove)
  • Save record
    BIBTEX Dublin Core MARCXML MARC (non-Unicode/MARC-8) MARC (Unicode/UTF-8) MARC (Unicode/UTF-8, Standard) MODS (XML) RIS
  • More searches
    Search for this title in:
    Other Libraries (WorldCat) Other Databases (Google Scholar) Online Stores (Bookfinder.com) Open Library (openlibrary.org)

Exporting to Dublin Core...

SOUTHVILLE LIBRARY

Southville International School and Colleges Library

1281 Tropical Ave. Cor. Luxembourg St., BF Homes International, Las Pinas City

Tel. No. 8256374 / 252358 Loc. 117/146

Powered by Koha